| 000 | 00823cam a2200265 a 4500 | ||
|---|---|---|---|
| 001 | 000004394 | ||
| 005 | 20200929151433.0 | ||
| 008 | 930324s1995 ag 000 f spa d | ||
| 020 | _a9501514897 | ||
| 040 |
_aDO-SdBNP _cDLC _dDLC |
||
| 041 | 1 | 7 |
_aspa _heng _2Código de idioma MARC |
| 082 |
_a813.54 _bG244L |
||
| 100 | 1 |
_aGarwood, Julie, _d1946- _912935 |
|
| 240 | 1 | 0 |
_aSaving grace. _lEspañol |
| 245 | 1 | 0 |
_aLady johanna / _cJulie Garwood ; traducción de Ana Mazía. |
| 260 |
_aBuenos Aires, Argentina : _bJavier Vergara, _c1995. |
||
| 300 |
_a331 p. ; _c23 cm. |
||
| 534 |
_aTítulo original : _tSaving grace |
||
| 650 | 4 |
_aNovela estadounidense _9262 |
|
| 650 | 4 |
_aLiteratura estadounidense _9263 |
|
| 700 | 1 |
_aMazía, Ana, _etr. _911117 |
|
| 910 | _aCatalogación por copia / LC | ||
| 910 | _aWM | ||
| 049 | _aBNGR | ||
| 999 |
_c4203 _d4203 |
||